Assassin's Creed quiz by RhysClarke69 - Statistics

General Stats
  • This quiz has been taken 253 times
    244 since last reset
  • The average score is 12 of 24
Answer Stats
Hint Answer % Correct
Which family had a trilogy based around its bloodline? Auditore Family
91%
Who was the first protagonist to follow the suave, romantic template? Ezio Auditore
86%
How many games did Rodrigo Borgia star in? Two
83%
From what we see in Assassin's Creed Embers, how many children did Ezio have? One
80%
Following the release of AC: Unity, how many Assassin's Creed video games has there been? (Console titles only) Eight
77%
Which animal is mainly associated with the Assassins? The Eagle
77%
Which game was the only Assassin's Creed title that allowed you to permanently play as a Templar? Assassin's Creed Rogue
72%
Which game was the first, and seemingly the last, to allow the player to use the hookblade? Assassin's Creed Revelations
69%
Which console title was the first to allow the player to explore a winter environment? Assassin's Creed III
60%
Who was Connor's closest thing to an archnemesis? Charles Lee
54%
Who took in Haytham Kenway following his father's death? Reginald Birch
53%
Who did Ezio end up marrying, and having a family with? Sofia Sartor
53%
Which country did Edward Kenway insist he was from? Wales
53%
What was the shortened version of Connor's mother's name? Ziio
51%
In which city did Edward Kenway move to upon leaving the West Indies, and eventually meet his demise? London
46%
How did Ezio finally meet his end? Death by old age/heart attack
45%
Where did Ezio die? Florence, his hometown
44%
Which family attempted to overthrow the Medici family in Assassin's Creed II? Pazzi Family
34%
Where did Ezio finally allow Cesare Borgia to die? Vienna, Spain
29%
What did Haytham do upon discovering that Reginald Birch was responsible for the death of his father, Edward Kenway? Killed him, with the assistance of Jennifer Scott
21%
What was the main criticism of Assassin's Creed Unity upon release? It wasn't properly tested for bugs and glitches.
18%
Although lesser known/emphasised than ^, which animal is associated with the Templar Order? The Wolf
18%
Who did Haytham kill prior to Ziio's conception of Connor? Edward Braddock
16%
What did the Apple of Eden show to Altair after his final encounter with Al Mualim? A global map, showing locations of other Pieces of Eden
9%
No matching quizzes found
Score Distribution
Percent of People with Each Score
Percentile by Number Answered
Your Score History
You have not taken this quiz since the last reset